000 00674nam a2200241Ia 4500
003 OSt
005 20221005032047.0
006 a|||||r|||| 00| 0
007 ta
008 221004b |||||||| |||| 00| 0 tam d
024 _a64383
037 _cTextual
040 _aCRL
_cCRL
_btam
041 _2tam
_atam
082 _aMV41.21.D5, 31K2
100 _aChendurai Pulavar Au.
_9176637
245 0 _aThamizhar Poriyal
260 _achennai
_bVaanathi Pathippagam India
_c1962
300 _a175p.
_ccm.
650 _aMILITARY ART AND SCIENCE
_930260
942 _hMV41.21.D5, 31K2
_cTEXL
_2cc
999 _c939035
_d939035